MARC

Tag First Indicator Second Indicator Subfields
LEADER 00000cam a2200000 a 4500
001 in00001113232
005 20240503182324.0
008 930625s1992 stka b 000 0 eng
010 |a  93170843  
015 |a GB9328342  |2 bnb 
015 |a b92Y1828 
016 7 |a 9416228  |2 DNLM 
016 7 |a 010091895  |2 Uk 
016 7 |a 006144767  |2 Uk 
019 |a 27047572  |a 1167339204  |a 1221238641  |a 1252153604  |a 1394601343 
020 |a 074860359X 
020 |a 9780748603596 
029 1 |a AU@  |b 000009049516 
029 1 |a DEBBG  |b BV010453896 
029 1 |a GEBAY  |b 9570253 
029 1 |a NLM  |b 9416228 
029 1 |a NZ1  |b 4232375 
029 1 |a UKMGB  |b 010091895 
029 1 |a UKMGB  |b 006144767 
035 |a (OCoLC)ocm28708491  
035 |a (OCoLC)28708491  |z (OCoLC)27047572  |z (OCoLC)1167339204  |z (OCoLC)1221238641  |z (OCoLC)1252153604  |z (OCoLC)1394601343 
035 |a (OCoLC)ocm28708491  
040 |a DLC  |b eng  |c DLC  |d GZM  |d UKM  |d NLM  |d BTCTA  |d BAKER  |d YDXCP  |d LGG  |d GEBAY  |d BDX  |d OCLCF  |d DEBBG  |d OCLCO  |d OCLCQ  |d OCLCO  |d OCLCA  |d BUF  |d OCLCA  |d UKMGB  |d LUN  |d OCLCO  |d OCLCA  |d OCLCO  |d NKM  |d OCLCO  |d OCLCL 
043 |a e-au--- 
050 0 0 |a BF173  |b .P7756 1992 
060 0 0 |a WM 11 GA8  |b P95 1992 
082 0 0 |a 150.19/5/09436  |2 20 
084 |a 01  |2 sdnb 
084 |a 11  |2 sdnb 
084 |a CU 2000  |2 rvk 
245 0 0 |a Psychoanalysis in its cultural context /  |c edited by Edward Timms and Ritchie Robertson. 
260 |a Edinburgh :  |b Edinburgh University Press,  |c ©1992. 
300 |a xi, 209 pages :  |b illustrations ;  |c 24 cm. 
336 |a text  |b txt  |2 rdacontent 
337 |a unmediated  |b n  |2 rdamedia 
338 |a volume  |b nc  |2 rdacarrier 
490 1 |a Austrian studies ;  |v 3 
504 |a Includes bibliographical references. 
505 1 |a The historiography of psychoanalysis / Paul Roazen -- Freud, race and gender / Sander L. Gilman -- Object-choice: Fragment of a Freud biography / Klaus Theweleit (translated by Edward Timms) -- The case of Otto Gross: Jung, Stekel and the pathologization of protest / Martin Stanton -- From the memoirs of Freudian (edited by Edward Timms) / Fritz Wittels -- Psychoanalysis and feminism: an ambivalent alliance. Viennese feminist responses to Freud, 1900-30 / Harriet Anderson -- Otto Rank and the Doppelgänger / Andrew Webber -- Freud, Musil and Gestalt psychology / Hannah Hickman -- Between Freud and Nietzsche: Canetti's crowds and power / Ritchie Robertson. 
540 |a Current copyright fee: GBP32.00  |c 47 0.  |5 Uk 
600 1 0 |a Freud, Sigmund,  |d 1856-1939. 
650 0 |a Psychoanalysis  |z Austria  |x History. 
651 0 |a Austria  |x Civilization  |v Book reviews. 
600 1 2 |a Freud, Sigmund,  |d 1856-1939. 
650 1 2 |a Psychoanalysis  |x history 
650 2 2 |a Freudian Theory 
651 2 |a Austria 
650 6 |a Psychanalyse  |z Autriche  |x Histoire. 
651 6 |a Autriche  |x Civilisation  |v Recensions de livres. 
600 1 7 |a Freud, Sigmund,  |d 1856-1939  |2 fast  |1 https://id.oclc.org/worldcat/entity/E39PBJc868dQ6vRkyktcKcT8md 
650 7 |a Civilization  |2 fast 
650 7 |a Psychoanalysis  |2 fast 
651 7 |a Austria  |2 fast  |1 https://id.oclc.org/worldcat/entity/E39PBJx8BTwr9ybyyMq4GVJFKd 
650 7 |a Gesellschaft  |2 gnd 
650 7 |a Kulturleben  |2 gnd 
650 7 |a Literatur  |2 gnd 
650 7 |a Psychoanalyse  |2 gnd 
650 7 |a Aufsatzsammlung  |2 gnd 
653 0 |a Psychoanalysis 
655 4 |a Aufsatzsammlung. 
655 7 |a Book reviews  |2 fast 
655 7 |a History  |2 fast 
700 1 |a Timms, Edward. 
700 1 |a Robertson, Ritchie. 
758 |i has work:  |a Psychoanalysis in its cultural context (Text)  |1 https://id.oclc.org/worldcat/entity/E39PCFQQjCr3JQRpMBPt8tbTVy  |4 https://id.oclc.org/worldcat/ontology/hasWork 
776 0 8 |i Online version:  |t Psychoanalysis in its cultural context.  |d Edinburgh : Edinburgh University Press, ©1992  |w (OCoLC)644076298 
830 0 |a Austrian studies ;  |v 3. 
856 4 1 |3 Table of contents  |u http://bvbr.bib-bvb.de:8991/F?func=service&doc_library=BVB01&local_base=BVB01&doc_number=006966604&line_number=0001&func_code=DB_RECORDS&service_type=MEDIA  |t 0 
856 |3 1850-9999  |u http://maneypublishing.com/  |x BLDSS 
938 |a Baker & Taylor  |b BKTY  |c 35.00  |d 39.95  |i 074860359X  |n 0002157958  |s active 
938 |a Brodart  |b BROD  |n 44553072  |c $35.00 
938 |a Baker and Taylor  |b BTCP  |n 93170843 
938 |a YBP Library Services  |b YANK  |n 607647 
948 |h HELD BY TXA - 155 OTHER HOLDINGS 
994 |a Z0  |b TXA 
999 f f |s 2694a96b-259b-3711-95ae-1d74dae84ed2  |i 641d891f-d932-309e-b504-1b7d4952f197  |t 0 
952 f f |p ric  |a Texas A&M University  |b Rellis Campus  |c Joint Library Facility  |s JLF  |d Remote Storage  |t 0  |e BF175.C84 P79 1992  |h Library of Congress classification  |i unmediated -- volume  |m A14817081983